| 000 -LEADER |
| fixed length control field |
01795cam a2200481 a 4500 |
| 001 - CONTROL NUMBER |
| control field |
.b1552324x |
| 003 - CONTROL NUMBER IDENTIFIER |
| control field |
OCoLC |
| 005 - DATE AND TIME OF LATEST TRANSACTION |
| control field |
20191223110250.0 |
| 008 - FIXED-LENGTH DATA ELEMENTS--GENERAL INFORMATION |
| fixed length control field |
120418s2012 nyu d 000 1 eng |
| 010 ## - LIBRARY OF CONGRESS CONTROL NUMBER |
| LC control number |
2012011392 |
| 020 ## - INTERNATIONAL STANDARD BOOK NUMBER |
| International Standard Book Number |
9781454903567 |
| 035 ## - SYSTEM CONTROL NUMBER |
| System control number |
(OCoLC)754725105 |
| 040 ## - CATALOGING SOURCE |
| Original cataloging agency |
DLC |
| Language of cataloging |
eng |
| Transcribing agency |
DLC |
| Modifying agency |
BTCTA |
| -- |
BDX |
| -- |
GK8 |
| -- |
IEB |
| -- |
VHP |
| -- |
TXA |
| 042 ## - AUTHENTICATION CODE |
| Authentication code |
nbic |
| 043 ## - GEOGRAPHIC AREA CODE |
| Geographic area code |
a-ii--- |
| 082 ## - DEWEY DECIMAL CLASSIFICATION NUMBER |
| Classification number |
FIC HOU |
| 100 1# - MAIN ENTRY--PERSONAL NAME |
| Personal name |
Houck, Colleen. |
| Relator term |
author |
| 245 10 - TITLE STATEMENT |
| Title |
Tiger's destiny / |
| Statement of responsibility, etc. |
by Colleen Houck. |
| 260 ## - PUBLICATION, DISTRIBUTION, ETC. |
| Place of publication, distribution, etc. |
New York : |
| Name of publisher, distributor, etc. |
Splinter, an imprint of Sterling Publishing, |
| Date of publication, distribution, etc. |
2015. ©2012. |
| 300 ## - PHYSICAL DESCRIPTION |
| Extent |
449 pages ; |
| Dimensions |
22 cm. |
| 440 ## - SERIES STATEMENT/ADDED ENTRY--TITLE |
| Title |
Tiger saga ; |
| Number of part/section of a work |
bk 4. |
| 500 ## - GENERAL NOTE |
| General note |
Includes discussion guide. |
| 520 ## - SUMMARY, ETC. |
| Summary, etc. |
Kelsey, Ren, and Kishan race against time and the evil sorcerer Lokesh on the Andaman Islands in the Bay of Bengal as they seek Durga's final gift, the Rope of Fire, that will finally break the tiger's curse. |
| 650 #1 - SUBJECT ADDED ENTRY--TOPICAL TERM |
| Topical term or geographic name entry element |
Tiger |
| Form subdivision |
Fiction. |
| 650 #1 - SUBJECT ADDED ENTRY--TOPICAL TERM |
| Topical term or geographic name entry element |
Blessing and cursing |
| Form subdivision |
Fiction. |
| 650 #1 - SUBJECT ADDED ENTRY--TOPICAL TERM |
| Topical term or geographic name entry element |
Amnesia |
| Form subdivision |
Fiction. |
| 650 #1 - SUBJECT ADDED ENTRY--TOPICAL TERM |
| Topical term or geographic name entry element |
Dating (Social customs) |
| Form subdivision |
Fiction. |
| 650 #1 - SUBJECT ADDED ENTRY--TOPICAL TERM |
| Topical term or geographic name entry element |
Immortality |
| Form subdivision |
Fiction. |
| 650 #1 - SUBJECT ADDED ENTRY--TOPICAL TERM |
| Topical term or geographic name entry element |
Orphans |
| Form subdivision |
Fiction. |
| 650 #7 - SUBJECT ADDED ENTRY--TOPICAL TERM |
| Topical term or geographic name entry element |
JUVENILE FICTION / Fantasy & Magic. |
| Source of heading or term |
bisacsh. |
| 650 #0 - SUBJECT ADDED ENTRY--TOPICAL TERM |
| Topical term or geographic name entry element |
Tiger |
| Form subdivision |
Juvenile fiction. |
| 650 #0 - SUBJECT ADDED ENTRY--TOPICAL TERM |
| Topical term or geographic name entry element |
Blessing and cursing |
| Form subdivision |
Juvenile fiction. |
| 650 #0 - SUBJECT ADDED ENTRY--TOPICAL TERM |
| Topical term or geographic name entry element |
Amnesia |
| Form subdivision |
Juvenile fiction. |
| 650 #0 - SUBJECT ADDED ENTRY--TOPICAL TERM |
| Topical term or geographic name entry element |
Dating (Social customs) |
| Form subdivision |
Juvenile fiction. |
| 650 #0 - SUBJECT ADDED ENTRY--TOPICAL TERM |
| Topical term or geographic name entry element |
Immortality |
| Form subdivision |
Juvenile fiction. |
| 650 #0 - SUBJECT ADDED ENTRY--TOPICAL TERM |
| Topical term or geographic name entry element |
Orphans |
| Form subdivision |
Juvenile fiction. |
| 651 #1 - SUBJECT ADDED ENTRY--GEOGRAPHIC NAME |
| Geographic name |
Andaman and Nicobar Islands (India) |
| Form subdivision |
Fiction. |
| 651 #1 - SUBJECT ADDED ENTRY--GEOGRAPHIC NAME |
| Geographic name |
India |
| Form subdivision |
Fiction. |
| 651 #0 - SUBJECT ADDED ENTRY--GEOGRAPHIC NAME |
| Geographic name |
Andaman and Nicobar Islands (India) |
| Form subdivision |
Juvenile fiction. |
| 651 #0 - SUBJECT ADDED ENTRY--GEOGRAPHIC NAME |
| Geographic name |
India |
| Form subdivision |
Juvenile fiction. |
| 800 1# - SERIES ADDED ENTRY--PERSONAL NAME |
| Personal name |
Houck, Colleen. |
| Title of a work |
Tiger's curse series ; |
| Volume/sequential designation |
4. |
| 942 ## - ADDED ENTRY ELEMENTS (KOHA) |
| Source of classification or shelving scheme |
|
| Koha item type |
Books - Fiction |